Teams Nebraska have beaten since (and including) 2001 - Statistics

General Stats
  • This quiz has been taken 14 times
  • The average score is 50 of 67
Answer Stats
Hint Answer % Correct
1-1 Georgia
100%
7-5 Illinois
100%
2-2 Indiana
100%
4-10 Iowa
100%
8-2 Kansas
100%
2-1 Maryland
100%
3-5 Michigan
100%
5-4 Michigan State
100%
5-8 Minnesota
100%
FCS North Dakota
100%
7-6 Northwestern
100%
1-8 Ohio State
100%
2-7 Oklahoma
100%
1-1 Oregon
100%
5-2 Penn State
100%
7-5 Purdue
100%
6-0 Rutgers
100%
3-2 Texas A&M
100%
1-4 Texas Tech
100%
1-3 UCLA
100%
2-11 Wisconsin
100%
1-0 Boston College
89%
7-7 Colorado
89%
7-3 Iowa State
89%
7-3 Kansas State
89%
1-2 Miami
89%
1-0 TCU
89%
1-0 UTEP
89%
2-1 Washington
89%
3-0 Wyoming
89%
5-0 Baylor
78%
1-0 Buffalo
78%
1-0/FCS Idaho
78%
1-0 Louisiana-Lafayette
78%
6-4 Missouri
78%
2-1 Northern Illinois
78%
FCS Northern Iowa
78%
FCS South Dakota State
78%
4-1 Troy
78%
1-0 Arizona
67%
1-0 Arizona State
67%
1-0 New Mexico State
67%
1-0 Notre Dame
67%
2-0 Pittsburgh
67%
2-0 South Alabama
67%
FCS Bethune-Cookman
56%
FCS Fordham
56%
FCS Idaho State
56%
2-0 Louisiana Tech
56%
1-0 Nevada
56%
2-0 Wake Forest
56%
1-0 Western Michigan
56%
3-0 Arkansas State
44%
1-0 Ball State
44%
1-0 Clemson
44%
3-0 Fresno State
44%
1-0 Rice
44%
4-1 Southern Miss
44%
2-0 Utah State
44%
FCS Western Illinois
44%
FCS Chattanooga
33%
2-0 Florida Atlantic
33%
FCS Maine
33%
FCS McNeese State
33%
FCS Nicholls State
33%
1-0 San Jose State
33%
1-0 Western Kentucky
33%
No matching quizzes found
Score Distribution
Percent of People with Each Score
Percentile by Number Answered
Your Score History
You have not taken this quiz